| 000 | 00928cab a2200241 4500 | ||
|---|---|---|---|
| 001 | WB3521-18 | ||
| 008 | 090401t1999 xxu||||| |||| 00| 0 eng d | ||
| 035 | _a(Sirsi) u93785 | ||
| 041 | _aeng | ||
| 245 | _aTough loan regime | ||
| 260 | _c1999 | ||
| 350 | _a0 | ||
| 490 |
_aIndependent _v4 June 1999, 22(1) |
||
| 520 | _aThe Bank for International Settlements has published new regulatory proposals requiring banks to hold more capital. The scheme is in response to an admission that capital requirements had not proved adequate during the global financial crisis. The new system will still apply a 100% risk weighting to commercial property. Tables. | ||
| 650 | _aBANK FOR INTERNATIONAL SETTLEMENTS | ||
| 650 | _aBANK LENDING | ||
| 650 | _aPROPERTY FINANCE | ||
| 650 | _aPROPERTY LENDING | ||
| 650 | _aRISK ASSESSMENT | ||
| 690 | _aPROPERTY-PROPERTY FINANCE AND INVESTMENT | ||
| 942 | _n0 | ||
| 948 | _c04/06/1999 | ||
| 999 |
_c59443 _d59443 |
||